|
|
|
|
| LEADER |
00755nam a2200169Ia 4500 |
| 008 |
121027s9999 xx 000 0 eng d |
| 999 |
|
|
|c 70101
|d 70101
|
| 020 |
|
|
|a 8187328304
|
| 082 |
|
|
|b 005.133J
|
| 100 |
|
|
|a Xavier, C.
|
| 245 |
|
|
|a Programming with JAVA 2 /
|
| 260 |
|
|
|a Tamilnadu:
|b Scitech,
|c 2000.
|
| 300 |
|
|
|a 651p.
|
| 505 |
|
|
|a CONTENTS 1.Introduction to JAVA 2.Elements of JAVA Language 3.Objects and classes 4.Attributes and methods 5.Control structures 6.Loop structure 7.Data structures 8.Mathematical computing 9.Inheritance and interfaces 10.Frames and windows
|
| 653 |
|
|
|a <Java - Programming>
|
| 942 |
|
|
|c BK
|
| 952 |
|
|
|0 0
|1 0
|4 0
|6 005_000000000000000_133J_XAV_P
|7 0
|9 70078
|a UL
|b UL
|c ST1
|d 2012-10-27
|l 14
|m 5
|o 005.133J XAV/P
|p G9941
|r 2021-04-07
|s 2021-03-08
|y BK
|